000
00271nam a22001217a 4500
008
240902b |||||||| |||| 00| 0 eng d
082
_a
796.334-26
100
_a
Fifa
245
_a
Goalkeeping
260
_a
Switzerland
_b
Fifa
300
_a
231 p.;
_c
29.7 Cm.
942
_2
ddc
999
_c
9991
_d
9992